The silent language
Wedi'i Gadw mewn:
| Prif Awdur: | |
|---|---|
| Fformat: | Llyfr |
| Iaith: | Saesneg |
| Cyhoeddwyd: |
Nueva York
Anchor Books
1973
|
| Cyfres: | Anthropology
|
| Pynciau: | |
| Tagiau: |
Ychwanegu Tag
Dim Tagiau, Byddwch y cyntaf i dagio'r cofnod hwn!
|
MARC
| LEADER | 00000nam a2200000 a 4500 | ||
|---|---|---|---|
| 001 | UCK5591 | ||
| 003 | CL-VaPUC | ||
| 008 | 050805e19730000US |||||||||||||||||eng|d | ||
| 020 | |a 0385055498 | ||
| 082 | 0 | 4 | |a 302.22 |b HAL |2 21 |
| 100 | |a Hall, Edward T |e author |9 579668 | ||
| 245 | 1 | 4 | |a The silent language |
| 300 | |a 217 p | ||
| 942 | |c BK | ||
| 945 | |d 20050805 00:00:00 |a jcarroza | ||
| 260 | |a Nueva York |b Anchor Books |c 1973 | ||
| 650 | 0 | |a Comunicación intercultural |9 269907 | |
| 650 | 0 | |a Antropología social |9 306264 | |
| 650 | 0 | |a Comunicación no verbal |9 270761 | |
| 583 | |a last modification |c 20050805 00:00:00 |k Rodrigo Vera | ||
| 490 | 0 | |a Anthropology | |
| 999 | |c 314093 |d 314091 | ||
| 952 | |0 0 |1 0 |4 0 |6 302_220000000000000_HAL_1973 |7 0 |8 A |9 386004 |a BIBGIM |b BIBGIM |d 2019-11-22 |i 4146506 |o 302.22 HAL 1973 |p 4146506 |r 2025-01-15 |w 2019-11-22 |y BK |k GIM | ||